000 00369nam a2200157Ia 4500
008 230917s9999||||xx |||||||||||||| ||und||
040 _e81297
_aMAIN
041 _aEnglish
082 _a346.022 T718L(6)
100 _aTreitel, G H
245 4 _aThe law of contract
250 _a6th ed.
260 _aLondon
_bStevens
_c1983
300 _alxxvi, 810 p.
942 _cBK
999 _c44836
_d44836